| 000 | 00546nam a2200205Ia 4500 | ||
|---|---|---|---|
| 003 | GCL | ||
| 008 | 140319s9999 xx 000 0 eng d | ||
| 020 | _a0805353364 | ||
| 040 |
_aGCL / _cGCL |
||
| 082 | 0 | 4 |
_a611 _bH B |
| 100 | 1 | _aHUTCHINSON, MATT | |
| 245 | 1 | 0 |
_aA BRIEF ATLAS OF THE HUMAN BODY / _cHUTCHINSON, MATT |
| 700 | 1 | _aMALLATT, JON | |
| 260 |
_aنيويورك : _bBENJAMIN CUMMINGS ، _c2003 |
||
| 300 |
_a22 CM ؛ _c97 P |
||
| 650 | 0 | 4 | _aHUMAN BIOLOGY |
| 650 | 0 | 4 | _aMEDICAL SCIENCE |
| 650 | 0 | 4 | _aHUMAN - ANATOMY |
| 942 |
_2ddc _cBK |
||
| 999 |
_c7460 _d7460 |
||